000 00782nam a2200217 a 4500
001 000018683
003 UkOxU
005 20200929165835.0
008 900521r19871985enk 000 1 eng d
020 _a009945310X
040 _aDO-SdBNP
082 _aD0400594371
100 1 _aDeveraux, Jude.
_940344
245 1 0 _aTwin of fire /
_cJude Deveraux.
260 _aLondon :
_bArrow,
_c1987, c1985.
300 _a308 p. ;
_c18 cm.
500 _aFirst published in Great Britain: 1986
852 _716157937
_yIn place
_5400594376
852 _716157936
_yIn place
_5400722144
910 _aCatalogación derivada /Oxford
999 _c18203
_d18203